Sin urna de cristal: pensamiento y cultura en Cuba contemporánea
Guardat en:
| Autor principal: | |
|---|---|
| Format: | Llibre |
| Idioma: | espanyol |
| Publicat: |
La Habana
Centro de Investigación y Desarrollo de la Cultura Cubana Juan Marinello
2003
|
| Edició: | 1a. ed |
| Matèries: | |
| Etiquetes: |
Afegir etiqueta
Sense etiquetes, Sigues el primer a etiquetar aquest registre!
|
MARC
| LEADER | 00000nam a2200000 a 4500 | ||
|---|---|---|---|
| 001 | UCK0954 | ||
| 003 | CL-VaPUC | ||
| 008 | 041029e20030000CU |||||||||||||||||spa|d | ||
| 020 | |a 959242070X | ||
| 082 | 0 | 4 | |a Cu864 |b HER |2 21 |
| 100 | |a Hernández Rodríguez, Rafael |e author |9 554595 | ||
| 245 | 1 | 0 | |a Sin urna de cristal: pensamiento y cultura en Cuba contemporánea |
| 250 | |a 1a. ed | ||
| 300 | |a 254 p | ||
| 942 | |c BK | ||
| 945 | |d 20041029 00:00:00 |a cmena | ||
| 260 | |a La Habana |b Centro de Investigación y Desarrollo de la Cultura Cubana Juan Marinello |c 2003 | ||
| 650 | 7 | |a ENSAYOS CUBANOS |2 CL-VaPUC |9 315049 | |
| 650 | 0 | |a Literatura cubana |9 315048 | |
| 650 | 0 | |a Antropología cultural y social |9 265143 | |
| 583 | |a last modification |c 20041029 00:00:00 |k Rodrigo Vera | ||
| 999 | |c 311101 |d 311099 | ||
| 952 | |0 0 |1 0 |4 0 |6 CU_864_000000000000000_HER_2003 |7 0 |8 A |9 380338 |a BIBEDU |b BIBEDU |d 2019-11-21 |i 4040058 |o Cu864 HER 2003 |p 4040058 |r 2019-11-21 |w 2019-11-21 |y BK |k LIT | ||